000 00762nmm a2200289 a 4500
003 AR-BaBNM
005 20251128204634.0
008 011101s1986 ||||||||||||||000 | spa||
020 _a950--21-0852-3
040 _cAR-BaBNM
100 1 _aPickenhayn, Jorge Antonio
245 1 0 _aNueva didáctica de la geografía
250 _a1ª ed.
260 _aBuenos Aires
_bPlus Ultra
_c1986
300 _a148 p.
_bcuadros
504 _aBibliografía p. 111-112
650 4 _aENSENANZA DE LA GEOGRAFIA
650 4 _aDIDACTICA
650 4 _aEVALUACION
650 4 _aMATERIAL DIDACTICO
653 _aEDUCACION PRIMARIA
653 _aEDUCACION SECUNDARIA
653 _aEDUCACION SUPERIOR
653 _aMETODOS EDUCATIVOS
942 _cBK
998 _cCarmen
999 _c8191
_d8191